00577cam a2200181 i 4500020002200000020002200022082001500044245006000059260005200119300001900171505007500190650002100265650001900286700002000305700002100325700001700346700003200363 a0884106411 (v. 1) a084410642X (v. 2)00a333.79 AND10aEnergy in a finite world :paths to a sustainable future aCambridge, Mass. :bBallinger Pub. Co.,cc1981. a2 v. :bill. ;0 av. 1. Paths to a sustainable future.--v. 2. A global systems analysis. 0aPower resources. 0aEnergy policy.1 aHäfele, Wolf.1 aAnderer, Jeanne.1 aMcDonald, A.1 aNakićenović, Nebojša.